The long-term effects of UK Defence privatisation: Lessons for India? (Record no. 513191)

000 -LEADER
fixed length control field 00472nam a22001457a 4500
008 - FIXED-LENGTH DATA ELEMENTS--GENERAL INFORMATION
fixed length control field 200129b ||||| |||| 00| 0 eng d
100 ## - MAIN ENTRY--PERSONAL NAME
Personal name Swift, Jonathan S.
245 ## - TITLE STATEMENT
Title The long-term effects of UK Defence privatisation: Lessons for India?
260 ## - PUBLICATION, DISTRIBUTION, ETC. (IMPRINT)
Name of publisher, distributor, etc Journal of Defence Studies
300 ## - PHYSICAL DESCRIPTION
Extent 13(4), Oct-Dec, 2019: p.5-27.
650 ## - SUBJECT ADDED ENTRY--TOPICAL TERM
Topical term or geographic name as entry element Defence
9 (RLIN) 15641
773 ## - HOST ITEM ENTRY
Main entry heading Journal of Defence Studies
906 ## - LOCAL DATA ELEMENT F, LDF (RLIN)
Subject DIP Privatisation - United Kingdom
942 ## - ADDED ENTRY ELEMENTS (KOHA)
Source of classification or shelving scheme
Item type Articles
Holdings
Withdrawn status Lost status Source of classification or shelving scheme Damaged status Not for loan Permanent location Current location Date acquired Serial Enumeration / chronology Barcode Date last seen Koha item type
          Indian Institute of Public Administration Indian Institute of Public Administration 2020-01-29 13(4), Oct-Dec, 2019: p.5-27. AR122433 2020-01-29 Articles

Powered by Koha